| 000 | 01062nam a2200265Ia 4500 | ||
|---|---|---|---|
| 003 | OSt | ||
| 005 | 20221005112356.0 | ||
| 006 | a|||||r|||| 00| 0 | ||
| 007 | ta | ||
| 008 | 221004b |||||||| |||| 00| 0 pan d | ||
| 020 |
_a9789384273705 (pbk) _cINR 195.00 |
||
| 024 | _a45082 | ||
| 037 |
_b1061, 12/02/2019, H.K. Prakashan _cTextual |
||
| 040 |
_aCRL _cCRL _bpan |
||
| 041 |
_2pan _apan |
||
| 082 | _aV2y7M99, 153Q8 | ||
| 100 |
_aਰਾਕੇF ਕੁਮਾਰ, ਂਚ. _9624321 |
||
| 245 | 0 | _aਬਦਲੇ ਤੋ੍ਵ ਪਾਰ,ਸਮਾਜਿਕ ਬਦਲਾਅ ੱ ਪ੍ਰਣਾਇਆ ਸੀ ਕ੍ਰਾਂਤੀਕਾਰੀ Fਹੀਦ ਊਧਮ ਸਿੰਘ | |
| 260 |
_aਸਮਾਣਾ _bਸੰਗਮ ਪਬਲੀਕੇFਨਗ਼ ਭਾਰਤ _c2018 |
||
| 300 |
_a143ਪ੍ਰ0 _ccm. |
||
| 650 |
_a Fਹੀਦ ਊਧਮ ਸਿੰਘ _9624322 |
||
| 650 | _aਇਤਿਹਾਸ | ||
| 942 |
_hV2y7M99, 153Q8 _cTEXL _2cc |
||
| 999 |
_c1024697 _d1024697 |
||